| 000 | 00601nab a2200193 a 4500 | ||
|---|---|---|---|
| 005 | 20240925065045.0 | ||
| 008 | 991125s1985 mx 000 0 spa u | ||
| 035 | _aUPN01000153643 | ||
| 222 | _aREVISTA LATINOAMERICANA DE PSICOLOGIA | ||
| 245 | _a¿Qué es la psicología para los estudiantes españoles de educación a distancia | ||
| 260 | _aBogotá, Colombia | ||
| 300 | _a383-396 | ||
| 362 | 0 | _a2006 Vol. 38, no. 2 | |
| 650 | 4 |
_aPsicología _938 |
|
| 650 | 4 |
_aEducación a distancia _97924 |
|
| 650 | 4 |
_aEstudiantes _913250 |
|
| 700 | 0 | 2 | _aGARCIA GARCIA, Andrés, coaut. |
| 905 | _aArticulo | ||
| 999 |
_c125764 _d125764 |
||